Battle of Ontario (Ottawa vs Toronto) Quiz Stats

 Plays Quiz not verified by Sporcle

Score 0/30 Timer 04:00
0 Plays Today
Can you choose which city... Ottawa (O) or     Toronto (T) % Correct
is the national capital of Canada???
91.4%
contains the CN Tower???
89.2%
borders Gatineau, Quebec???
89%
is the most populous city in Canada???
88.8%
is home to the Skydome (Rogers Center)???
88.1%
hosts the Maple Leafs (NHL) and Raptors (NBA)???
88.1%
has the busiest airport in Canada???
88%
is home to the Hockey Hall of Fame???
86.6%
has the world's longest skating rink (Rideau Canal)???
85.3%
is located on Lake Ontario???
85.1%
is home to Carleton University???
83.2%
has the famous hotel Fairmont Château Laurier???
82.9%
used to have a CFL team called the Rough Riders???
82.7%
is home to the Peace Tower???
82%
hosts a huge winter festival called 'Winterlude'???
81.8%
Can you choose which city... Ottawa (O) or     Toronto (T) % Correct
is the provincial capital of Ontario???
81.8%
has won more Stanley Cups???
79.6%
is the birthplace of actor/comedian Mike Myers???
79.3%
has well-known district called ByWard Market???
78%
was originally settled as 'Bytown'???
75.9%
is home to the National Gallery of Canada???
75.6%
is home to the Royal Ontario Museum???
73.2%
has a full-sized castle called 'Casa Loma'???
72.6%
has the global HQ of Fairmont Hotels and Resorts???
66.8%
hosts the software company Corel???
64.3%
has a closer international border with the USA???
64.1%
whose name comes from Algonquin for 'to trade'???
61.5%
ranks as the most educated city in Canada???
60.5%
is the birthplace of actor/comedian Dan Aykroyd???
58.1%
has a shorter driving distance to the USA???
37.3%

You're not logged in!

Compare scores with friends on all Sporcle quizzes.
OR
Log In

You Might Also Like...

Show Comments

Extras

Top Quizzes Today


Score Distribution

Your Account Isn't Verified!

In order to create a playlist on Sporcle, you need to verify the email address you used during registration. Go to your Sporcle Settings to finish the process.

Report this User

Report this user for behavior that violates our Community Guidelines.

Details: